Cine artístico y cine funcional / (Record no. 169884)

MARC details
000 -LEADER
campo de control de longitud fija 00794nam a2200229 i 4500
001 - NÚMERO DE CONTROL
campo de control 169884
003 - IDENTIFICADOR DE NÚMERO DE CONTROL
campo de control ES-MaACL
005 - FECHA Y HORA DE LA ÚLTIMA TRANSACCIÓN
campo de control 20250814084555.0
008 - DATOS DE LONGITUD FIJA--INFORMACIÓN GENERAL
campo de control de longitud fija 081215s1959 sp |||| | spa d
080 ## - NÚMERO DE LA CLASIFICACIÓN DECIMAL UNIVERSAL
Número de la Clasificación Decimal Universal 791.4
100 1# - ENTRADA PRINCIPAL--NOMBRE DE PERSONA
Nombre de persona García Viñó, M.
9 (RLIN) 55416
245 10 - MENCIÓN DEL TÍTULO
Título Cine artístico y cine funcional /
Mención de responsabilidad, etc. Manuel García Viñó.
260 ## - PUBLICACIÓN, DISTRIBUCIÓN, ETC.
Lugar de publicación, distribución, etc. Madrid :
Nombre del editor, distribuidor, etc. Ateneo,
Fecha de publicación, distribución, etc. 1959 (
Fabricante Ed. Castilla)
300 ## - DESCRIPCIÓN FÍSICA
Extensión 29 p. ;
Dimensiones 19 cm.
490 1# - MENCIÓN DE SERIE
Mención de serie O crece o muere ;
Designación de volumen o secuencia 137
594 ## - Nota al título y mención de responsabilidad
Nota al título y mención de responsabilidad "Este trabajo fue dado a conocer por su autor en la conferencia pronunciada en el Ateneo de Salamanca el día 18 de mayo de 1959"
650 07 - PUNTO DE ACCESO ADICIONAL DE MATERIA--TÉRMINO DE MATERIA
Término de materia o nombre geográfico como elemento de entrada Cine
Fuente del encabezamiento o término embne
9 (RLIN) 11010
710 2# - ENTRADA AGREGADA--NOMBRE DE ENTIDAD CORPORATIVA
Nombre de entidad corporativa o nombre de jurisdicción como elemento de entrada Ateneo de Madrid.
9 (RLIN) 1875
830 10 - PUNTO DE ACCESO ADICIONAL DE SERIE-TÍTULO UNIFORME
Título uniforme Colección "O crece o muere"
Designación de volumen o secuencia 137
9 (RLIN) 183476
852 4# - LOCALIZACIÓN
Ubicación ES-MaACL
Número de control de estantería 2243-F-17
Holdings
Estatus retirado Estado de pérdida Estado de daño No para préstamo Colección Biblioteca de origen Biblioteca actual Ubicación en estantería Fecha de adquisición Fuente de adquisición Total de préstamos Signatura topográfica completa Código de barras Visto por última vez Precio de reemplazo Tipo de ítem Koha
        Colección de folletos Biblioteca del Ateneo de Madrid Biblioteca del Ateneo de Madrid Depósito folletos 15/12/2008     2243-F-17 1178361 23/02/2023 23/02/2023 Folleto